000 01109nam a2200313 4500
003 EG-GICUC
005 20260121101517.0
008 251217s1955 fr ||| fr||| 00|00 fre d
040 _aEG-GiCUC
_bfre
_cEG-GiCUC
_dEG-GiCUC
_eRda
041 _afre
082 0 4 _221
_a341.84
_bGA . C
092 0 4 _221
099 _aLaw1 12 341.84 GA . C 1955
100 1 _aGavalda, Christian
_eAuteur
245 1 4 _aLes Conflits Dans Le Temps en Droit International Privé /
_cPar Christian Gavalda ; Préf. de Henri Batiffol.
264 1 _aParis :
_bLibrarie du Recueil Sirey,
_c1955.
300 _axiv, 431 pages ;
_c 24 cm.
336 _2rda contenu
_a texte
337 _2rda medias
_aOrdinateur
338 _2 transporteur rda
_a Ressource en ligne
504 _aInclude Bibliography: pages 409-418 And Bibliographic references
546 _aTexte en français
650 1 4 _aConflit de lois
_2qrmak
_vDroit international privé
651 1 _2qrmak
700 1 _aBatiffol, Henri
_ePréfacier
856 4 0 _uhttps://fll.law.cu.edu.eg/fulltext/bks/B12-01581.pdf
905 _a75
_eHassnaa
942 _2ddc
_n0
_cBK
_e21
999 _c51204
_d51204